Vista normal Vista MARC

Entrada Personal Name

Número de registros utilizados en: 1

001 - CONTROL NUMBER

  • control field: 61226

003 - CONTROL NUMBER IDENTIFIER

  • control field: OSt

005 - DATE AND TIME OF LATEST TRANSACTION

  • control field: 20250718104614.0

008 - FIXED-LENGTH DATA ELEMENTS

  • fixed length control field: 250718|| aca||aabn | a|a d

040 ## - CATALOGING SOURCE

  • Original cataloging agency: OSt
  • Transcribing agency: OSt

100 ## - HEADING--PERSONAL NAME

  • Personal name: George, Pierre
  • Dates associated with a name: 1909-2006

670 ## - SOURCE DATA FOUND

  • Source citation: Work cat.: (OSt)57658: George, Pierre 1909-2006, Geografía social del mundo









Instituto Departamental de Cultura del Meta - Red Departamental de Bibliotecas Públicas del Meta.